| 000 | 00337nam a22001457a 4500 | ||
|---|---|---|---|
| 003 | SGT | ||
| 020 | _a9788195123317 | ||
| 082 |
_a320 _bE22V |
||
| 100 | _aVERMA, VINAY KUMAR | ||
| 245 | _aEK YATRA KERAL KI: YATRA VRITATNT | ||
| 260 |
_bRASTRIYA CHETNA PRAKASHAN _c2022 |
||
| 300 | _a88 | ||
| 650 | _aPOLITICAL SCIENCE | ||
| 942 |
_2ddc _cBK |
||
| 999 |
_c28103 _d28103 |
||